000 00819nas a2200265 454500
001 39723
005 20260407193510.0
008 260407s1971####ag###########|||spa#d
003 AR-UNSa-BCEJYS
040 _aAR-UNSa-BCEJYS
_bspa
_cAR-UNSa-BCEJYS
080 _a330
_xEconomía en general
245 1 0 _aRealidad económica
022 _a0325-1926
264 1 _aBuenos Aires :
_bIADE
_c1971
310 _aFrecuencia: Cada 45 días
041 _aspa
942 _cSER
590 _aniveau_biblio:s niveau_hierar:1
100 1 _aInstituto Argentino para el Desarrollo Económico (IADE)
700 1 _aAmigo, Juan Carlos
650 _aCiencias sociales
650 _aECONOMIA
650 _aECONOMIA INTERNACIONAL
856 4 1 _uhttps://biblioeco.unsa.edu.ar/pmb/images/revistas/R20397.jpg
_yImagen de portada
_qimage/jpeg
999 _c8848
_d8848